[Event "GCT Blitz Paris 2019"]
[Site "Paris FRA"]
[Date "2019.08.01"]
[Round "16"]
[White "Nepomniachtchi, I."]
[Black "Giri, A."]
[Result "1/2-1/2"]
[WhiteElo "2775"]
[BlackElo "2779"]
[PlyCount "65"]
[EventDate "2019.07.26"]

1. e4 c5 2. Nc3 d6 3. f4 g6 4. Nf3 Bg7 5. Bc4 Nc6 6. O-O e6 7. d4 cxd4 8. Nb5
Na5 9. Bd3 e5 10. b4 Nc6 11. Bc4 Nf6 12. c3 a6 13. Ng5 axb5 14. Bxf7+ Ke7 15.
cxd4 Nxd4 16. Be3 Rf8 17. Bxd4 exd4 18. Qxd4 Rxf7 19. e5 Kf8 20. Rad1 Rc7 21.
f5 gxf5 22. Qh4 Kg8 23. Rxd6 Qe7 24. exf6 Bxf6 25. Re1 Bxg5 26. Rxe7 Rc1+ 27.
Re1 Bxh4 28. Rxc1 Be7 29. Rd5 Kf7 30. Rxb5 Be6 31. Rxb7 Bxa2 32. Ra1 Bd5 33.
Rxa8 1/2-1/2

[Event "GCT Blitz Paris 2019"]
[Site "Paris FRA"]
[Date "2019.08.01"]
[Round "17"]
[White "Anand, V."]
[Black "Giri, A."]
[Result "1/2-1/2"]
[WhiteElo "2764"]
[BlackElo "2779"]
[PlyCount "59"]
[EventDate "2019.07.26"]

1. e4 c5 2. Nf3 d6 3. d4 cxd4 4. Nxd4 Nf6 5. Nc3 a6 6. a4 e5 7. Nf3 Be7 8. Bg5
Be6 9. Bxf6 Bxf6 10. Nd5 Nd7 11. Bc4 Rc8 12. Qe2 Nb6 13. Nxb6 Qxb6 14. Bxe6
fxe6 15. c3 O-O 16. O-O Qc6 17. Ne1 Bd8 18. Nd3 Bb6 19. Kh1 Rf6 20. f3 Rcf8 21.
Rfd1 h6 22. Nb4 Qc7 23. Nc2 Qc6 24. Ne3 Bxe3 25. Qxe3 R6f7 26. Rd3 Rd7 27. h3
Re8 28. b3 b5 29. axb5 axb5 30. Re1 1/2-1/2

[Event "GCT Blitz Paris 2019"]
[Site "Paris FRA"]
[Date "2019.08.01"]
[Round "17"]
[White "Mamedyarov, S."]
[Black "Nakamura, Hi"]
[Result "1-0"]
[WhiteElo "2765"]
[BlackElo "2754"]
[PlyCount "125"]
[EventDate "2019.07.26"]

1. d4 Nf6 2. c4 e6 3. Nf3 d5 4. Nc3 Be7 5. Bf4 O-O 6. e3 c5 7. dxc5 Bxc5 8. a3
Nc6 9. cxd5 Nxd5 10. Nxd5 exd5 11. Rc1 Bb6 12. Bb5 Qf6 13. b4 a6 14. Bxc6 bxc6
15. O-O Bg4 16. h3 Bxf3 17. Qxf3 Rfc8 18. Rc2 a5 19. Rfc1 axb4 20. axb4 Qe6 21.
Qg4 f5 22. Qe2 h6 23. h4 d4 24. exd4 Qxe2 25. Rxe2 Bxd4 26. Rec2 Re8 27. Kf1
Re4 28. g3 Bf6 29. Rc4 Rxc4 30. Rxc4 Be7 31. Bd2 Ra4 32. Rf4 g6 33. Ke2 h5 34.
Kd3 Kf7 35. Rc4 Ra6 36. Kc3 Ke6 37. Kb3 Kd5 38. Rc1 c5 39. Rd1 c4+ 40. Kb2 Kc6
41. Re1 Bf6+ 42. Bc3 Bxc3+ 43. Kxc3 Ra2 44. Kxc4 Rc2+ 45. Kd4 Rxf2 46. Re6+ Kb5
47. Ke3 Rf1 48. Rxg6 Kxb4 49. Rg5 f4+ 50. gxf4 Kc4 51. Rxh5 Re1+ 52. Kf3 Kd4
53. Rh8 Rf1+ 54. Kg4 Kd5 55. Re8 Rg1+ 56. Kh5 Kd6 57. Re5 Rg2 58. Re8 Kd7 59.
Re4 Kd6 60. f5 Kd5 61. Re1 Kd6 62. f6 Kd7 63. Kh6 1-0

[Event "GCT Blitz Paris 2019"]
[Site "Paris FRA"]
[Date "2019.08.01"]
[Round "17"]
[White "Duda, J."]
[Black "Vachier Lagrave, M."]
[Result "1-0"]
[WhiteElo "2729"]
[BlackElo "2775"]
[PlyCount "112"]
[EventDate "2019.07.26"]

1. c4 c5 2. Nf3 Nf6 3. b3 b6 4. Bb2 Bb7 5. g3 g6 6. Bg2 Bg7 7. O-O O-O 8. d4
cxd4 9. Qxd4 Nc6 10. Qc3 Qc7 11. Rd1 Rad8 12. Qe1 d5 13. cxd5 Rxd5 14. Nc3 Rxd1
15. Nxd1 Rd8 16. Rc1 Bh6 17. e3 Qd7 18. Bxf6 exf6 19. Nb2 Bg7 20. Rd1 Qe7 21.
Rxd8+ Nxd8 22. Nc4 f5 23. Qd2 Ne6 24. Nfe5 Bxg2 25. Kxg2 Qb7+ 26. Kg1 Qe4 27.
Nxf7 Qb1+ 28. Kg2 f4 29. exf4 Nd4 30. Nfe5 Qe4+ 31. f3 Qd5 32. Ne3 Qc5 33. b4
Qd6 34. Nc2 Nf5 35. Qxd6 Nxd6 36. Kf2 Nb5 37. Ke3 Kf8 38. Kd3 Ke8 39. a4 Nc7
40. Ne3 a6 41. Kc4 Bf8 42. b5 axb5+ 43. axb5 Bc5 44. Nd5 Ne6 45. Nf6+ Kf8 46.
Nxh7+ Kg7 47. Ng5 Nc7 48. Ne4 Bg1 49. h4 Ne6 50. Nc6 Nc7 51. Ne7 Ne6 52. f5 Nd4
53. fxg6 Nxf3 54. h5 Nd4 55. g4 Ne6 56. Nf5+ Kh8 1-0

[Event "GCT Blitz Paris 2019"]
[Site "Paris FRA"]
[Date "2019.08.01"]
[Round "17"]
[White "Grischuk, A."]
[Black "Nepomniachtchi, I."]
[Result "1-0"]
[WhiteElo "2766"]
[BlackElo "2775"]
[PlyCount "103"]
[EventDate "2019.07.26"]

1. d4 Nf6 2. c4 g6 3. h4 c6 4. Nc3 d5 5. cxd5 cxd5 6. Bf4 Bg7 7. e3 Nc6 8. Be2
h6 9. Nf3 Bg4 10. Qb3 Na5 11. Qa4+ Bd7 12. Bb5 O-O 13. Bxd7 Nxd7 14. Nxd5 e5
15. dxe5 Nxe5 16. Bxe5 Bxe5 17. Rd1 Bg7 18. O-O Nc6 19. Rd2 Qa5 20. Qxa5 Nxa5
21. Rc1 Rfd8 22. Kf1 Kf8 23. b3 Rac8 24. Rxc8 Rxc8 25. Ke2 Rc1 26. Nb4 Bf6 27.
Rc2 Ra1 28. g3 Be7 29. Nd5 Nc6 30. Nd4 Nxd4+ 31. exd4 Bd6 32. Kd3 Ke8 33. Re2+
Kd8 34. Ne3 Be7 35. Ng4 h5 36. Nh6 f5 37. Nf7+ Kd7 38. Ne5+ Kc7 39. Nxg6 Bd6
40. Ne7 f4 41. Nd5+ Kc6 42. Nxf4 Bxf4 43. gxf4 Rh1 44. Re6+ Kd7 45. Rh6 Rxh4
46. Ke4 Rh1 47. f5 h4 48. Ke5 h3 49. Rh7+ Kc6 50. f6 Re1+ 51. Kf5 Rf1 52. f4
1-0

[Event "GCT Blitz Paris 2019"]
[Site "Paris FRA"]
[Date "2019.08.01"]
[Round "17"]
[White "Dubov, Daniil"]
[Black "Caruana, F."]
[Result "0-1"]
[WhiteElo "2700"]
[BlackElo "2819"]
[PlyCount "96"]
[EventDate "2019.07.26"]

1. d4 Nf6 2. c4 e6 3. Nf3 c5 4. Nc3 cxd4 5. Nxd4 a6 6. g3 Qc7 7. Bg2 Qxc4 8.
Be3 Qc7 9. O-O Nc6 10. Na4 d5 11. Rc1 Bd6 12. b4 O-O 13. b5 axb5 14. Nxb5 Qa5
15. Nb6 Qxb5 16. Nxa8 Ng4 17. Rb1 Qa6 18. Nb6 Nxe3 19. fxe3 Bc5 20. Nxc8 Rxc8
21. Kh1 b6 22. Qd2 Qa7 23. e4 d4 24. Qf4 Qc7 25. a4 Ne5 26. Bh3 Ra8 27. Ra1 g6
28. Bg2 Qd6 29. h4 h5 30. Bh3 Ra7 31. g4 hxg4 32. Bxg4 Nc4 33. h5 Qxf4 34. Rxf4
g5 35. Rf6 Ne3 36. Rg1 Kg7 37. e5 Nd5 38. h6+ Kh7 39. Rf3 d3 40. exd3 Bxg1 41.
Kxg1 Kxh6 42. d4 Kg6 43. Rb3 Rxa4 44. Be2 Rxd4 45. Bd3+ Kg7 46. Kf2 Rb4 47. Ra3
Nf4 48. Bf1 Ng6 0-1

[Event "GCT Blitz Paris 2019"]
[Site "Paris FRA"]
[Date "2019.08.01"]
[Round "18"]
[White "Giri, A."]
[Black "Duda, J."]
[Result "0-1"]
[WhiteElo "2779"]
[BlackElo "2729"]
[PlyCount "144"]
[EventDate "2019.07.26"]

1. e4 d5 2. exd5 Qxd5 3. Nc3 Qd8 4. d4 Nf6 5. Nf3 g6 6. Be2 Bg7 7. O-O O-O 8.
h3 a6 9. Be3 Nc6 10. Qd2 e6 11. Rad1 b6 12. Bh6 Bb7 13. Bxg7 Kxg7 14. Rfe1 Ne7
15. Ne5 Nf5 16. Bf3 Bxf3 17. Nxf3 c6 18. Qe2 Qc7 19. Ne4 Nxe4 20. Qxe4 Rfd8 21.
c4 Rac8 22. Rd2 b5 23. b3 bxc4 24. bxc4 Kg8 25. Red1 c5 26. d5 exd5 27. Rxd5
Rxd5 28. Rxd5 Ng7 29. Qd3 Ne6 30. g3 Qe7 31. Kg2 Qf6 32. Nd2 Qb2 33. Ne4 Rb8
34. Rd7 Rb7 35. Rd6 Qxa2 36. Rxe6 fxe6 37. Qd8+ Kg7 38. Qf6+ Kg8 39. Nd6 Qb2
40. Qxe6+ Kg7 41. Ne8+ Kf8 42. Nf6 Rf7 43. Ne4 Qd4 44. f4 Qb2+ 45. Kf3 Qb3+ 46.
Kg2 Qc2+ 47. Kf3 Qd3+ 48. Kf2 Qd4+ 49. Kf3 Qd1+ 50. Kf2 Qd7 51. Nxc5 Qxe6 52.
Nxe6+ Ke8 53. Nc5 a5 54. Ke3 Ra7 55. Na4 Kd7 56. Kd4 Kc6 57. Kc3 Re7 58. Kd3
Re1 59. Nc3 Rg1 60. Ne2 Rh1 61. h4 a4 62. Kc3 a3 63. Nd4+ Kd7 64. Kb3 Rd1 65.
Nb5 Rd3+ 66. Ka2 Rxg3 67. Nxa3 Rg4 68. Kb3 Rxf4 69. Kb4 Rxh4 70. Kb5 g5 71. Kb6
Rh6+ 72. Kb7 Rc6 0-1

[Event "GCT Blitz Paris 2019"]
[Site "Paris FRA"]
[Date "2019.08.01"]
[Round "18"]
[White "Nakamura, Hi"]
[Black "Dubov, Daniil"]
[Result "1-0"]
[WhiteElo "2754"]
[BlackElo "2700"]
[PlyCount "75"]
[EventDate "2019.07.26"]

1. c4 e6 2. Nc3 d5 3. d4 Bb4 4. cxd5 exd5 5. Bf4 Nf6 6. e3 c5 7. Bd3 Nc6 8.
Nge2 c4 9. Bc2 O-O 10. Bg5 h6 11. Bh4 Be7 12. O-O Nd7 13. Bg3 Nf6 14. f3 Re8
15. e4 dxe4 16. fxe4 Bg4 17. d5 Bc5+ 18. Kh1 Nd4 19. Qd2 Nxe2 20. Nxe2 Nxe4 21.
Bxe4 Rxe4 22. Nc3 Rd4 23. Qf2 Qd7 24. Be5 Rxd5 25. Qf4 Rd3 26. Ne4 Bd4 27. Rae1
Re8 28. Bxd4 Rxd4 29. Nf6+ gxf6 30. Rxe8+ Qxe8 31. Qxd4 Qe2 32. Qxf6 Be6 33. h3
Bd5 34. Rf2 Qe1+ 35. Kh2 Qe3 36. Rf4 Qe6 37. Rg4+ Kf8 38. Qd8+ 1-0

[Event "GCT Blitz Paris 2019"]
[Site "Paris FRA"]
[Date "2019.08.01"]
[Round "18"]
[White "Vachier Lagrave, M."]
[Black "Mamedyarov, S."]
[Result "1/2-1/2"]
[WhiteElo "2775"]
[BlackElo "2765"]
[PlyCount "150"]
[EventDate "2019.07.26"]

1. e4 e5 2. Nf3 Nc6 3. Bc4 Bc5 4. O-O Nf6 5. d3 h6 6. c3 d6 7. Re1 O-O 8. h3 a5
9. Nbd2 Be6 10. Bb5 Qb8 11. Nf1 Qa7 12. Be3 Bxe3 13. Nxe3 Ne7 14. a4 Rad8 15.
Bc4 Bc8 16. Qc2 c6 17. Ba2 Ng6 18. Rad1 Rfe8 19. Kh2 d5 20. exd5 cxd5 21. c4 e4
22. dxe4 dxe4 23. Rxd8 Rxd8 24. Nd2 Qd4 25. Rd1 Qe5+ 26. Kh1 Nf4 27. c5 Nd3 28.
Kg1 Qxb2 29. Nxe4 Qxc2 30. Nxf6+ gxf6 31. Nxc2 Rd7 32. Ne3 Nxc5 33. Rc1 b6 34.
Nd5 Rxd5 35. Bxd5 Bd7 36. Kf1 Kf8 37. Ke2 Ke7 38. Ke3 Bxa4 39. Rb1 b5 40. Kd4
Kd6 41. Bxf7 Na6 42. Ra1 Nb4 43. Kc3 Kc5 44. Rc1 Nc6 45. Kb2+ Kb6 46. f4 b4 47.
Be8 Bb5 48. Bxc6 Bxc6 49. g4 a4 50. h4 Bd5 51. g5 a3+ 52. Kc2 b3+ 53. Kc3 b2
54. Re1 hxg5 55. hxg5 fxg5 56. fxg5 Kb5 57. g6 Bg8 58. g7 Kc5 59. Rd1 Kc6 60.
Kc2 Kb6 61. Rh1 Kc7 62. Kb1 Bd5 63. Rg1 Bg8 64. Kc2 Kd6 65. Re1 Kc5 66. Kc3 Kc6
67. Rd1 Kc5 68. Kc2 Kc4 69. Rh1 Bf7 70. Rg1 Bg8 71. Kb1 Kb4 72. Rg4+ Kb3 73.
Rg3+ Kb4 74. Rh3 Bf7 75. Rh4+ Kc3 1/2-1/2

[Event "GCT Blitz Paris 2019"]
[Site "Paris FRA"]
[Date "2019.08.01"]
[Round "18"]
[White "Caruana, F."]
[Black "Grischuk, A."]
[Result "1-0"]
[WhiteElo "2819"]
[BlackElo "2766"]
[PlyCount "175"]
[EventDate "2019.07.26"]

1. e4 c6 2. d4 d5 3. e5 Bf5 4. Nc3 e6 5. g4 Bg6 6. Nge2 c5 7. h4 h5 8. Nf4 Bh7
9. Nxh5 Nc6 10. dxc5 Bxc5 11. Bg5 Qc7 12. f4 d4 13. Nb5 Qa5+ 14. Qd2 Nb4 15.
Na3 Bxc2 16. Nc4 Qa4 17. Kf2 d3+ 18. Kg3 Rxh5 19. gxh5 Ne7 20. Bxe7 Bxe7 21.
Bg2 O-O-O 22. Ne3 Kb8 23. Rhc1 Bc5 24. Re1 Qb5 25. Be4 f5 26. exf6 gxf6 27. h6
f5 28. Bf3 Bd6 29. Ng2 Qd7 30. Kh3 Na6 31. Qe3 Nc7 32. Qd4 Qh7 33. Qg7 Qxg7 34.
hxg7 Rg8 35. Bd1 d2 36. Re2 Be4 37. Rxd2 Nd5 38. Bb3 Rxg7 39. Bxd5 exd5 40. Rf1
Bb4 41. Re2 d4 42. Ref2 Bc5 43. a3 d3 44. Rd2 a5 45. Ne1 Rd7 46. Ng2 a4 47.
Rfd1 Bb6 48. Ne1 Ba5 49. Rxd3 Bxd3 50. Rxd3 Re7 51. Nf3 Re2 52. h5 Rxb2 53. Ne5
Rb3 54. h6 Bc3 55. h7 Bxe5 56. Rxb3 axb3 57. fxe5 b2 58. h8=Q+ Ka7 59. e6 b1=Q
60. Qe5 Qh1+ 61. Kg3 Qg1+ 62. Kf3 Qf1+ 63. Ke3 Qe1+ 64. Kf4 Qh4+ 65. Kxf5 Qh5+
66. Ke4 Qe2+ 67. Kd4 Qb2+ 68. Kd5 Qb3+ 69. Kd6 Qd3+ 70. Qd5 Qg3+ 71. Kd7 Qxa3
72. e7 Qa4+ 73. Kd8 Qh4 74. Qc5+ Ka6 75. Qe5 b5 76. Kd7 Qh7 77. Kd6 Qd3+ 78.
Kc7 Qh7 79. Kd8 Qh4 80. Qe6+ Ka5 81. Kd7 Qh7 82. Kc8 Qc2+ 83. Kb7 Qg2+ 84. Kb8
Qh2+ 85. Kc8 Qc2+ 86. Kb7 Qg2+ 87. Qc6 Qg7 88. Qc7+ 1-0

[Event "Belt and Road Hunan Open 2019"]
[Site "Changsha"]
[Date "2019.08.01"]
[Round "4"]
[White "Wei, Yi"]
[Black "Cheparinov, Ivan"]
[Result "1/2-1/2"]
[WhiteElo "2737"]
[BlackElo "2666"]
[PlyCount "32"]
[EventDate "2019.07.29"]

1. Nf3 Nf6 2. d4 g6 3. b3 Bg7 4. Bb2 O-O 5. Nbd2 c5 6. dxc5 Qa5 7. e3 Qxc5 8.
c4 b6 9. Be2 Bb7 10. O-O d6 11. Nd4 Nbd7 12. Bf3 Qc7 13. Nb5 Qb8 14. Nd4 Qc7
15. Nb5 Qb8 16. Nd4 Qc7 1/2-1/2

[Event "Belt and Road Hunan Open 2019"]
[Site "Changsha"]
[Date "2019.08.01"]
[Round "4"]
[White "Yu, Yangyi"]
[Black "Ganguly, Surya Shekhar"]
[Result "1/2-1/2"]
[WhiteElo "2736"]
[BlackElo "2638"]
[PlyCount "255"]
[EventDate "2019.07.29"]

1. d4 Nf6 2. c4 e6 3. Nc3 d5 4. cxd5 exd5 5. Bg5 c6 6. e3 h6 7. Bh4 Bf5 8. Qf3
Bh7 9. Bxf6 Qxf6 10. Qxf6 gxf6 11. Nge2 Nd7 12. Ng3 Nb6 13. O-O-O Bb4 14. Bd3
O-O 15. Nce2 Nc8 16. Nf4 Bxd3 17. Nxd3 a5 18. a3 Be7 19. Nf5 Kh7 20. h4 Re8 21.
Rh3 Nd6 22. Rf3 Nxf5 23. Rxf5 Kg6 24. g4 Bd6 25. Kd2 Re7 26. h5+ Kg7 27. Rh1
Rae8 28. Rh3 Re6 29. f4 Be7 30. Rf3 Kg8 31. Nf2 Bd8 32. Kd3 a4 33. Nd1 b6 34.
Rf2 b5 35. Re2 Be7 36. Nc3 Rd8 37. e4 dxe4+ 38. Rxe4 Kg7 39. d5 Bc5 40. g5 hxg5
41. fxg5 fxg5 42. Rxg5+ Kh6 43. Rxe6+ fxe6 44. Rg6+ Kxh5 45. Rxe6 cxd5 46. Rc6
Bf2 47. Rc7 b4 48. axb4 Kg6 49. Rc6+ Kf5 50. b5 Rb8 51. Rh6 Bc5 52. Rh5+ Ke6
53. Nxd5 a3 54. Nf4+ Kd7 55. Rxc5 a2 56. Rd5+ Kc8 57. Rc5+ Kd7 58. Rc1 Rxb5 59.
Rd1 a1=Q 60. Rxa1 Rxb2 61. Ra6 Rb4 62. Nd5 Rh4 63. Ke3 Rh1 64. Kd4 Rd1+ 65. Ke5
Re1+ 66. Kf6 Rf1+ 67. Kg7 Rf2 68. Kg6 Rf1 69. Ne3 Rf2 70. Nf5 Rg2+ 71. Kf6 Rf2
72. Ke5 Re2+ 73. Kd5 Rd2+ 74. Nd4 Rd1 75. Ra7+ Ke8 76. Ke5 Re1+ 77. Kd6 Rd1 78.
Kd5 Kd8 79. Ke5 Ke8 80. Nc6 Re1+ 81. Kf6 Rf1+ 82. Ke6 Re1+ 83. Ne5 Kd8 84. Rh7
Re2 85. Rh3 Kc7 86. Rc3+ Kb6 87. Kd6 Rd2+ 88. Nd3 Kb5 89. Kc7 Rh2 90. Rc5+ Ka4
91. Kc6 Rh6+ 92. Kd5 Rh5+ 93. Ne5 Kb4 94. Rc8 Kb3 95. Kd4 Rh4+ 96. Kc5 Rh5 97.
Kd5 Kb4 98. Rc4+ Kb3 99. Re4 Kc3 100. Kc5 Rh8 101. Re3+ Kd2 102. Nc4+ Kc2 103.
Nd6 Rd8 104. Rh3 Kd2 105. Nf5 Rc8+ 106. Kd5 Rd8+ 107. Nd6 Ke2 108. Ke5 Kd1 109.
Rh2 Ke1 110. Nc4 Re8+ 111. Kf4 Rf8+ 112. Ke4 Re8+ 113. Kd3 Rd8+ 114. Kc3 Rc8
115. Rc2 Kf1 116. Kd3 Rd8+ 117. Ke4 Re8+ 118. Ne5 Ke1 119. Kf4 Kd1 120. Ra2
Rf8+ 121. Ke4 Re8 122. Rh2 Ke1 123. Kd4 Kd1 124. Nf3 Rd8+ 125. Kc3 Rc8+ 126.
Kd3 Rd8+ 127. Nd4 Ke1 128. Ra2 1/2-1/2

[Event "Belt and Road Hunan Open 2019"]
[Site "Changsha"]
[Date "2019.08.01"]
[Round "4"]
[White "Anton Guijarro, David"]
[Black "Wang, Hao"]
[Result "1/2-1/2"]
[WhiteElo "2678"]
[BlackElo "2725"]
[PlyCount "69"]
[EventDate "2019.07.29"]

1. c4 Nf6 2. Nf3 e6 3. g3 d5 4. Bg2 d4 5. e3 c5 6. O-O Nc6 7. exd4 cxd4 8. d3
Bd6 9. Na3 O-O 10. Nc2 e5 11. b4 a6 12. c5 Bc7 13. a4 e4 14. dxe4 d3 15. Nce1
Nxb4 16. Ba3 Nc6 17. Nxd3 Nxe4 18. Qc2 Ng5 19. Nxg5 Qxg5 20. Nb4 Bf5 21. Qc1
Qg6 22. Nd5 Be5 23. Bb2 Bxb2 24. Qxb2 Be4 25. Rfe1 Bxg2 26. Kxg2 Qf5 27. Rad1
Rab8 28. Qb6 Qc2 29. a5 h6 30. Nb4 Qc4 31. Nxc6 bxc6 32. Qxc6 Rbc8 33. Qd6 Qxc5
34. Qxa6 Ra8 35. Qb6 1/2-1/2

[Event "Belt and Road Hunan Open 2019"]
[Site "Changsha"]
[Date "2019.08.01"]
[Round "4"]
[White "Amin, Bassem"]
[Black "Zeng, Chongsheng"]
[Result "1-0"]
[WhiteElo "2707"]
[BlackElo "2551"]
[PlyCount "93"]
[EventDate "2019.07.29"]

1. e4 c5 2. Nf3 Nc6 3. Bb5 e6 4. O-O Nge7 5. d4 cxd4 6. Nxd4 Nxd4 7. Qxd4 a6 8.
Be2 Nc6 9. Qc3 b5 10. a4 b4 11. Qg3 h5 12. Nd2 h4 13. Qe3 Ne5 14. f4 Qc7 15.
Nb3 Nc6 16. a5 Be7 17. Qb6 Bd8 18. Be3 d6 19. Qxc7 Bxc7 20. Rfd1 Ke7 21. e5 d5
22. Bc5+ Kd7 23. Rd3 g5 24. fxg5 Nxe5 25. Rd4 Bd8 26. g6 Nxg6 27. Rxb4 Bc7 28.
Rf1 f5 29. c4 dxc4 30. Bxc4 h3 31. Re1 Ne5 32. Bd4 Nxc4 33. Bxh8 Nxa5 34. Nc5+
Ke7 35. Rh4 Bb6 36. Bd4 Nc6 37. Nxe6 Nxd4 38. Nxd4+ Kf7 39. gxh3 Rb8 40. Kf1 a5
41. Re5 Kg6 42. Nc6 Ba6+ 43. Ke1 Rb7 44. Re6+ Kg5 45. Rhh6 a4 46. Reg6+ Kf4 47.
Rh4+ 1-0

[Event "Belt and Road Hunan Open 2019"]
[Site "Changsha"]
[Date "2019.08.01"]
[Round "4"]
[White "Matlakov, Maxim"]
[Black "Megaranto, Susanto"]
[Result "1/2-1/2"]
[WhiteElo "2701"]
[BlackElo "2545"]
[PlyCount "80"]
[EventDate "2019.07.29"]

1. c4 b6 2. Nc3 Bb7 3. e4 e5 4. Nf3 Nc6 5. a3 Nf6 6. d3 Bc5 7. b4 Bd4 8. Nxd4
Nxd4 9. f4 h5 10. fxe5 Ng4 11. Be2 Qh4+ 12. g3 Qe7 13. O-O Nxe5 14. Be3 Nxe2+
15. Qxe2 h4 16. Nd5 Bxd5 17. cxd5 hxg3 18. hxg3 c6 19. Rae1 O-O-O 20. d4 Ng6
21. dxc6 dxc6 22. Qc4 Qc7 23. e5 f6 24. Rc1 Ne7 25. b5 Kb8 26. bxc6 Nd5 27. Bf2
g5 28. Qc2 fxe5 29. dxe5 Qxe5 30. Rfd1 Nc7 31. Rd7 Qe6 32. Bd4 Rhe8 33. Rxd8+
Rxd8 34. Qc3 Re8 35. a4 Qd5 36. Rf1 Ka8 37. Bf2 Re6 38. Qh8+ Re8 39. Qc3 Re6
40. Qh8+ Re8 1/2-1/2

[Event "Belt and Road Hunan Open 2019"]
[Site "Changsha"]
[Date "2019.08.01"]
[Round "4"]
[White "Zhao, Zong-Yuan"]
[Black "Le, Quang Liem"]
[Result "1/2-1/2"]
[WhiteElo "2529"]
[BlackElo "2713"]
[PlyCount "64"]
[EventDate "2019.07.29"]

1. e4 c6 2. d4 d5 3. e5 Bf5 4. h4 h5 5. Bd3 Bxd3 6. Qxd3 Qa5+ 7. Nd2 e6 8. Ngf3
Nh6 9. O-O Nf5 10. c4 Be7 11. g3 O-O 12. b3 Rd8 13. Bb2 c5 14. Qe2 Nc6 15. dxc5
Bxc5 16. Kg2 Bd4 17. Rfb1 Bxb2 18. Rxb2 Rac8 19. Ng5 Qc3 20. Ndf3 dxc4 21. Ne4
Qd3 22. bxc4 b6 23. Rc1 Qxe2 24. Rxe2 Rd3 25. Neg5 Kf8 26. Rb2 Nfd4 27. Nxd4
Nxd4 28. c5 Ra3 29. Rd1 bxc5 30. Rb7 Kg8 31. Rxf7 Rxa2 32. Rb1 Rf8 1/2-1/2

[Event "Belt and Road Hunan Open 2019"]
[Site "Changsha"]
[Date "2019.08.02"]
[Round "5"]
[White "Cheparinov, Ivan"]
[Black "Yu, Yangyi"]
[Result "1/2-1/2"]
[WhiteElo "2666"]
[BlackElo "2736"]
[PlyCount "93"]
[EventDate "2019.07.29"]

1. d4 d5 2. Nf3 Nf6 3. c4 dxc4 4. e3 e6 5. Bxc4 c5 6. O-O a6 7. Nc3 b5 8. Be2
Nbd7 9. d5 exd5 10. Nxd5 Bb7 11. Nxf6+ Qxf6 12. a4 b4 13. e4 Be7 14. Re1 Ne5
15. Nxe5 Qxe5 16. Bc4 O-O 17. Qc2 Rad8 18. f4 Qd4+ 19. Be3 Bxe4 20. Qe2 Bd3 21.
Bxd4 Bxe2 22. Rxe2 Rxd4 23. Bxa6 Bf6 24. a5 Rfd8 25. Bb5 c4 26. a6 c3 27. bxc3
bxc3 28. a7 Rd1+ 29. Rxd1 Rxd1+ 30. Kf2 Rd8 31. Re8+ Rxe8 32. Bxe8 Bd4+ 33. Ke2
Bxa7 34. Kd3 Bd4 35. Ba4 Bf6 36. g4 g6 37. Bb3 Kf8 38. h3 Bg7 39. Ba2 Ke7 40.
Bb3 h6 41. Ba2 g5 42. fxg5 hxg5 43. Bd5 Be5 44. Be4 Kd6 45. Bf5 Kc5 46. Kc2 Kd4
47. Bc8 1/2-1/2

[Event "Belt and Road Hunan Open 2019"]
[Site "Changsha"]
[Date "2019.08.02"]
[Round "5"]
[White "Ganguly, Surya Shekhar"]
[Black "Wei, Yi"]
[Result "1-0"]
[WhiteElo "2638"]
[BlackElo "2737"]
[PlyCount "31"]
[EventDate "2019.07.29"]

1. c4 Nf6 2. Nc3 c5 3. Nf3 Nc6 4. d4 cxd4 5. Nxd4 e6 6. g3 Qb6 7. Ndb5 Ne5 8.
Bg2 a6 9. Qa4 Bc5 10. Bf4 Bxf2+ 11. Kf1 Nfg4 12. h3 g5 13. Bxg5 Bxg3 14. c5
Qxc5 15. Ne4 Qg1+ 16. Kxg1 1-0

[Event "Belt and Road Hunan Open 2019"]
[Site "Changsha"]
[Date "2019.08.02"]
[Round "5"]
[White "Wang, Hao"]
[Black "Nguyen, Ngoc Truong Son"]
[Result "1-0"]
[WhiteElo "2725"]
[BlackElo "2636"]
[PlyCount "95"]
[EventDate "2019.07.29"]

1. e4 c5 2. Nf3 Nc6 3. Nc3 Nf6 4. Bb5 g6 5. h3 Nd4 6. e5 Nh5 7. Bc4 Nf4 8. O-O
Bg7 9. d3 Nfe6 10. Re1 O-O 11. Nxd4 cxd4 12. Nd5 b6 13. Qf3 Rb8 14. a4 Bb7 15.
Qg3 Bxd5 16. Bxd5 Rc8 17. Bc4 a5 18. b3 Nc5 19. h4 d5 20. exd6 Qxd6 21. Bf4 Qd7
22. h5 e6 23. f3 Rfd8 24. hxg6 hxg6 25. Kf2 Qe7 26. Rh1 Nd7 27. Bd6 Qf6 28. Qh2
Nf8 29. Rae1 Rxd6 30. Qxd6 Qd8 31. Qxd8 Rxd8 32. f4 Rc8 33. g4 Rc5 34. Kg3 Nd7
35. Rhf1 Nf6 36. f5 gxf5 37. gxf5 e5 38. Kf3 Kf8 39. Rg1 Ne8 40. Rg5 Nd6 41.
Reg1 Bh6 42. Rg8+ Ke7 43. Rb8 Rc6 44. Rh1 Bf4 45. Rh7 Kf6 46. Bd5 Rxc2 47. Rxb6
Kg5 48. Rg7+ 1-0

[Event "Belt and Road Hunan Open 2019"]
[Site "Changsha"]
[Date "2019.08.02"]
[Round "5"]
[White "Sethuraman, S.P."]
[Black "Amin, Bassem"]
[Result "0-1"]
[WhiteElo "2630"]
[BlackElo "2707"]
[PlyCount "74"]
[EventDate "2019.07.29"]

1. e4 e5 2. Nf3 Nc6 3. Bc4 Bc5 4. d3 Nf6 5. c3 a6 6. O-O d6 7. a4 Ba7 8. Re1
O-O 9. h3 h6 10. Nbd2 Be6 11. Bxe6 fxe6 12. b4 Nh5 13. Nf1 Qe8 14. Be3 Bxe3 15.
Nxe3 Nf4 16. Kh2 Qf7 17. Ra2 b6 18. Rd2 Rad8 19. b5 axb5 20. axb5 Na5 21. d4
exd4 22. cxd4 Qh5 23. d5 e5 24. Ng1 Qxd1 25. Rexd1 Nb3 26. Rc2 Nc5 27. f3 Ra8
28. Ne2 Nxe2 29. Rxe2 Ra3 30. Rb1 Rfa8 31. Nd1 Kf7 32. Rc2 R8a4 33. Nf2 Ke7 34.
Kg3 Rd4 35. Rbb2 Raa4 36. Kg4 Rxd5 37. Kf5 Kf7 0-1

[Event "Belt and Road Hunan Open 2019"]
[Site "Changsha"]
[Date "2019.08.02"]
[Round "5"]
[White "Matlakov, Maxim"]
[Black "Deac, Bogdan-Daniel"]
[Result "1-0"]
[WhiteElo "2701"]
[BlackElo "2621"]
[PlyCount "69"]
[EventDate "2019.07.29"]

1. e4 e5 2. Nf3 Nc6 3. Bc4 Bc5 4. c3 Nf6 5. d4 exd4 6. e5 d5 7. Bb5 Ne4 8. cxd4
Bb6 9. Nc3 O-O 10. Be3 Bg4 11. h3 Bh5 12. Qc2 Bg6 13. Qb3 Ne7 14. O-O c6 15.
Bd3 Nf5 16. Rfe1 Nxd4 17. Bxd4 Bxd4 18. Nxe4 dxe4 19. Bxe4 Bxe4 20. Rxe4 Bb6
21. a4 Bc5 22. e6 fxe6 23. Qxb7 Qb6 24. Qxb6 axb6 25. Rc1 e5 26. Rcc4 Rf4 27.
Rxf4 exf4 28. Kf1 h6 29. Ne5 f3 30. gxf3 Rf8 31. f4 Rd8 32. b4 Bf8 33. Nxc6
Rd1+ 34. Kg2 Rd7 35. a5 1-0

[Event "Belt and Road Hunan Open 2019"]
[Site "Changsha"]
[Date "2019.08.03"]
[Round "6"]
[White "Amin, Bassem"]
[Black "Ganguly, Surya Shekhar"]
[Result "1/2-1/2"]
[WhiteElo "2707"]
[BlackElo "2638"]
[PlyCount "150"]
[EventDate "2019.07.29"]

1. Nf3 d5 2. g3 g6 3. Bg2 Bg7 4. d4 c6 5. c4 dxc4 6. O-O Nf6 7. a4 O-O 8. Na3
a5 9. Nxc4 Be6 10. b3 Bd5 11. Ba3 Nbd7 12. Rc1 Rc8 13. Qd3 Bh6 14. e3 Re8 15.
Rfd1 Bf8 16. Bb2 b5 17. Ncd2 bxa4 18. bxa4 Qb6 19. Ba1 c5 20. e4 Bc6 21. e5 Nd5
22. e6 fxe6 23. dxc5 Qb7 24. Bh3 Nc7 25. Nd4 Bg7 26. Rb1 Qa8 27. Nxe6 Bxa1 28.
Rxa1 Nf6 29. Nc4 Ncd5 30. Qd2 Nh5 31. Ne5 Ndf6 32. Qh6 Qb8 33. Nxg6 hxg6 34.
Qxg6+ Kh8 35. Ng5 Ng7 36. Be6 Be4 37. Qh6+ Bh7 38. Rab1 Qa7 39. Bb3 Rf8 40.
Nxh7 Nxh7 41. Bc2 Nf5 42. Bxf5 Rxf5 43. Qb6 Qc7 44. c6 Qxc6 45. Rd8+ Kg7 46.
Rxc8 Qxc8 47. Rb5 Ng5 48. Qd4+ Kf7 49. Rxf5+ Qxf5 50. Qc4+ Kf8 51. h4 Ne4 52.
Qd4 Nd6 53. Qd2 Ke8 54. Qd1 Nf7 55. Qd4 Qb1+ 56. Kg2 Qb4 57. Qd1 Qe4+ 58. f3
Qe5 59. g4 Nd8 60. Qc2 Qf6 61. Qe4 Qxh4 62. Qg6+ Kf8 63. Qf5+ Qf6 64. Qxa5 Ne6
65. Qb4 Qe5 66. Kf2 Qh2+ 67. Ke3 Qg1+ 68. Ke4 Qd1 69. a5 Qe2+ 70. Kd5 Kf7 71.
Qc3 Ng5 72. Kc5 Ne6+ 73. Kb6 Qh2 74. a6 Qd6+ 75. Qc6 Qd4+ 1/2-1/2

[Event "Belt and Road Hunan Open 2019"]
[Site "Changsha"]
[Date "2019.08.03"]
[Round "6"]
[White "Zhao, Jun"]
[Black "Matlakov, Maxim"]
[Result "1/2-1/2"]
[WhiteElo "2636"]
[BlackElo "2701"]
[PlyCount "39"]
[EventDate "2019.07.29"]

1. Nf3 d5 2. g3 g6 3. Bg2 Bg7 4. O-O e5 5. d3 Ne7 6. e4 O-O 7. Nc3 d4 8. Ne2 c5
9. Nh4 Nec6 10. Bd2 Be6 11. f4 exf4 12. Nxf4 Qd6 13. Nxe6 Qxe6 14. Nf5 Be5 15.
Nh6+ Kh8 16. Rf2 Bg7 17. Nf5 Be5 18. Nh6 Bg7 19. Nf5 Be5 20. Nh6 1/2-1/2